000 00951nam a2200289 4500
001 191828
003 DO-SdBNP
005 20241014122627.0
007 191828
008 870818s1986 sp a spa
020 _a8476347510
040 _aBPMSU
_bspa
_cBPMSU
082 4 _a843.8
_bV531J 1986
_222
100 1 _aVerne, Julio,
_d1828-1905
245 1 0 _aJulio Verne :
_bLos hijos del capitán Grant en América del Sur /
_cJulio Verne ; traducción, D.A. Ribot y Fontseré
260 _aBarcelona :
_bEdiciones Orbis
_c1986
300 _a255 p. :
_bil. ;
_c21 cm.
490 0 _aJulio Verne
_v3
500 _a
534 _pTítulo original :
_tLes enfants du capitaine Grant, a l Amerique du Sud
590 _aInventariado 2024/VM
650 4 _aNovela juvenil francesa
650 4 _aLiteratura juvenil francesa
700 1 _aRibot y Fontseré, D. A.
_4traductor
910 _aVMateo V. /Validado. Control de calidad MFF
942 _2ddc
_cBK
999 _c8914
_d8914